000 00889nam a22001817a 4500
999 _c57638
_d57638
003 Ge_BSU
005 20210415143043.0
008 200824s2006 ge ||||| |||| 00| 0 geo d
041 _ageo
_hrus
080 _a340.1+34(09) ე-56
100 _aელინეკი, გეორგ
_99291
245 _aძველი სამართლის ბრძოლა ახალ სამართალთან /
_cგეორგ ელინეკი ; რუს. თარგმ. და წინათქმა ზაზა ნანობაშვილისა ; [რედ. ბესარიონ ზოიძე].
264 _aთბილისი:
_cბონა კაუზა,
_b2006.
300 _a68გვ. ;
_b20სმ.
653 _a სამართლის თეორია
653 _a სამართლის ისტორია
942 _2udc
_cBK